000 01022cam a22002897a 4500
005 20220329141308.0
008 971010s1979 r 00010 d
010 _a65970
011 _a66942
035 _a75927
090 _aTesis
100 0 0 _aSantamaría César, Enrique.
_9102277
245 0 _aComparación de seis métodos para estimar el Ps de los suelos agrícolas
260 _aChapingo, Méx. :
_bEl autor,
_c1979
300 _a114 h.
_b: ilus. ; láms. ; gráfs.
502 _aTesis (Ing. Agr. Esp. en Irrigación) -- UACH. Departamento de Irrigación
590 _aALEPH
_b10
_c20130110
_lUCH01
_h1400
590 _aBATCH-UPD
_b10
_c20130110
_lUCH01
_h0746
590 _aBATCH-UPD
_b10
_c20130410
_lUCH01
_h0427
590 _aBATCH-UPD
_b10
_c20130914
_lUCH01
_h2014
590 _aCONVERSION
_b10
_c20130109
_lUCH01
_h1336
650 1 4 _aSuelos agrícolas.
_9110531
650 1 4 _aSuelos
_xAnálisis.
_9110204
650 1 4 _aSuelos
_xHumedad.
_9110391
901 _aBK
949 _bZA
_cTESBD
_d-8930
_eTS1
_h245
_i75927
_si
999 _c65970
_d65970